Every Song by Violent Femmes - Statistics

General Stats
  • This quiz has been taken 7 times
  • The average score is 16 of 148
Answer Stats
Album Song % Correct
Violent Femmes(1983) Add It Up
100%
Violent Femmes(1983) Blister in the Sun
100%
Violent Femmes(Bonus)(1983) Gimme the Car
83%
Violent Femmes(1983) Gone Daddy Gone
83%
Hallowed Ground(1984) Hallowed Ground
83%
Violent Femmes(1983) Kiss Off
83%
Hallowed Ground(1984) Black Girls
67%
Hallowed Ground(1984) Country Death Song
67%
Freak Magnet(2000) Freak Magnet
67%
Hotel Last Resort(2019) Hotel Last Resort
67%
New Times(1994) New Times
67%
Something's Wrong(2001) Something's Wrong
67%
Why Do Birds Sing?(1991) American Music
50%
The Blind Leading the Naked(1986) Old Mother Reagan
50%
Add It Up (1981–1993)(1993) Waiting for the Bus
50%
Violent Femmes(1983) Good Feeling
33%
Add It Up (1981–1993)(1993) Intro
33%
Hallowed Ground(1984) Jesus Walking on the Water
33%
Why Do Birds Sing?(1991) Out the Window
33%
Violent Femmes(Bonus)(1983) Ugly
33%
Add It Up (1981–1993)(1993) 36-24-36
17%
Add It Up (1981–1993)(1993) America Is
17%
Violent Femmes(1983) Confessions
17%
Add It Up (1981–1993)(1993) Dance, Motherfucker, Dance!
17%
Add It Up (1981–1993)(1993) Degradation
17%
Add It Up (1981–1993)(1993) Gordon's Message
17%
Happy New Year(2015) Happy New Year Next Year
17%
Add It Up (1981–1993)(1993) I Hate the TV
17%
Hallowed Ground(1984) I Hear the Rain
17%
The Blind Leading the Naked(1986) I Held Her in My Arms
17%
Hallowed Ground(1984) It’s Gonna Rain
17%
Add It Up (1981–1993)(1993) Johnny
17%
Why Do Birds Sing?(1991) Lack of Knowledge
17%
3(1988) Lies
17%
Why Do Birds Sing?(1991) Look Like That
17%
Happy New Year(2015) Love Love Love Love Love
17%
Violent Femmes(1983) Please Do Not Go
17%
Violent Femmes(1983) Prove My Love
17%
Hallowed Ground(1984) Sweet Misery Blues
17%
Add It Up (1981–1993)(1993) Vancouver
17%
Something's Wrong(2001) 12 Steps
0%
New Times(1994) 4 Seasons
0%
Hotel Last Resort(2019) Adam Was a Man
0%
New Times(1994) Agamemnon
0%
Freak Magnet(2000) All I Want
0%
Hotel Last Resort(2019) Another Chorus
0%
Freak Magnet(2000) A Story
0%
Freak Magnet(2000) At Your Feet
0%
Rock!!!!!(1995) Bad Dream
0%
We Can Do Anything(2016) Big Car
0%
The Blind Leading the Naked(1986) Breakin' Hearts
0%
New Times(1994) Breakin' Up
0%
The Blind Leading the Naked(1986) Candlelight Song
0%
The Blind Leading the Naked(1986) Cold Canyon
0%
Permanent Record: The Very Best of Violent Femmes(2005) Color Me Once
0%
Rock!!!!!(1995) Dahmer Is Dead
0%
3(1988) Dating Days
0%
Rock!!!!!(1995) Death Drugs
0%
Rock!!!!!(1995) Didgeriblues
0%
Freak Magnet(Bonus)(2000) Yes Oh Yes
0%
New Times(1994) Don't Start Me on the Liquor
0%
Viva Wisconsin(1999) Don't Talk About My Music
0%
Hotel Last Resort(2019) Everlasting You
0%
The Blind Leading the Naked(1986) Faith
0%
Happy New Year(2015) Fast Horses
0%
3(1988) Fat
0%
Why Do Birds Sing?(1991) Flamingo Baby
0%
3(1988) Fool in the Full Moon
0%
We Can Do Anything(2016) Foothills
0%
Freak Magnet(2000) Forbidden
0%
Why Do Birds Sing?(1991) Girl Trouble
0%
Hotel Last Resort(2019) God Bless America
0%
Happy New Year(2015) Good for/at Nothing
0%
The Blind Leading the Naked(1986) Good Friend
0%
Freak Magnet(2000) Happiness Is
0%
The Blind Leading the Naked(1986) Heartache
0%
Why Do Birds Sing?(1991) He Likes Me
0%
Something's Wrong(2001) Herbsttag
0%
Why Do Birds Sing?(1991) Hey Nonny Nonny
0%
Freak Magnet(2000) Hollywood Is High
0%
We Can Do Anything(2016) Holy Ghost
0%
We Can Do Anything(2016) I Could Be Anything
0%
Rock!!!!!(1995) I Danced
0%
Hotel Last Resort(2019) I Get What I Want
0%
Hallowed Ground(1984) I Know It’s True but I’m Sorry to Say
0%
Something's Wrong(2001) I Know It's True, But I'm Sorry to Say
0%
Freak Magnet(2000) I'm Bad
0%
Why Do Birds Sing?(1991) I'm Free
0%
We Can Do Anything(2016) I'm Not Done
0%
Hotel Last Resort(2019) I'm Not Gonna Cry
0%
New Times(1994) I'm Nothing
0%
Freak Magnet(2000) In the Dark
0%
New Times(1994) I Saw You in the Crowd
0%
We Can Do Anything(2016) Issues
0%
Hotel Last Resort(2019) It's All or Nothing
0%
Rock!!!!!(1995) I Wanna See You Again
0%
Something's Wrong(2001) I Want To See You Again
0%
New Times(1994) Jesus of Rio
0%
3(1988) Just Like My Father
0%
New Times(1994) Key of 2
0%
Rock!!!!!(1995) Life Is an Adventure
0%
Why Do Birds Sing?(1991) Life is a Scream
0%
Rock!!!!!(1995) Living a Lie
0%
The Blind Leading the Naked(1986) Love & Me Make Three
0%
New Times(1994) Machine
0%
We Can Do Anything(2016) Memory
0%
New Times(1994) Mirror Mirror (I See a Damsel)
0%
Why Do Birds Sing?(1991) More Money Tonight
0%
Freak Magnet(2000) Mosh Pit
0%
3(1988) Mother of a Girl
0%
Hallowed Ground(1984) Never Tell
0%
Freak Magnet(2000) New Generation
0%
3(1988) Nightmares
0%
The Blind Leading the Naked(1986) No Killing
0%
3(1988) Nothing Worth Living For
0%
Hotel Last Resort(2019) Not OK
0%
3(1988) Outside the Palace
0%
Hotel Last Resort(2019) Paris to Sleep
0%
Something's Wrong(2001) Procession
0%
Violent Femmes(1983) Promise
0%
Something's Wrong(2001) Raquel
0%
Freak Magnet(Bonus)(2000) Reckless Stones
0%
Freak Magnet(2000) Rejoice and Be Happy
0%
Freak Magnet(Bonus)(2000) Requiem
0%
Something's Wrong(2001) Rules of Success
0%
3(1988) See My Ships
0%
Rock!!!!!(1995) She Went to Germany
0%
Hotel Last Resort(2019) Sleepin' at the Meetin'
0%
Freak Magnet(2000) Sleepwalkin'
0%
The Blind Leading the Naked(1986) Special
0%
Rock!!!!!(1995) Sweet Worlds of Angels
0%
3(1988) Telephone Book
0%
Rock!!!!!(1995) Thanksgiving (No Way Out)
0%
Hotel Last Resort(2019) This Free Ride
0%
New Times(1994) This Island Life
0%
Rock!!!!!(1995) Tonight
0%
Violent Femmes(1983) To the Kill
0%
We Can Do Anything(2016) Traveling Solves Everything
0%
The Blind Leading the Naked(1986) Two People
0%
We Can Do Anything(2016) Untrue Love
0%
Why Do Birds Sing?(1991) Used to Be
0%
Something's Wrong(2001) Washtub Bender
0%
Something's Wrong(2001) Werewolf
0%
We Can Do Anything(2016) What You Really Mean
0%
New Times(1994) When Everybody's Happy
0%
Freak Magnet(2000) When You Died
0%
3(1988) World We're Living In
0%
The Blind Leading the Naked(Bonus)(1986) World Without Mercy
0%
No matching quizzes found
Score Distribution
Percent of People with Each Score
Percentile by Number Answered
Your Score History
You have not taken this quiz